000 00698nam a2200193 4500
999 _c13832
_d13832
020 _a9789710094691
082 _aFil. 224.9209505 A4335f 2015
100 _aAlba-Jones, Beng
245 _aThe whiny prophet who always said no /
_cretold by Beng Alba-Jones ; illustrated by Bon Bernardo
260 _aMetro Manila
_bOMF Literature Inc.
_cc2014
300 _a30 pages :
_bchiefly colored illustrations ;
_c22.5 x 17 cm
490 _aWow god!
526 _a200-299
_d220
650 _aBible stories, English -- Jonah
650 _a Obedience -- Religious aspects -- Christianity
650 _aChildren's stories, Philippine (English)
650 _aChildren's stories, Tagalog
942 _2ddc
_cBK